Las fuentes de la Ciudad de México (Record no. 8316)

MARC details
000 -CABECERA
campo de control de longitud fija 00980nam a2200253 a 4500
001 - NÚMERO DE CONTROL
campo de control BRCA_8657
005 - FECHA Y HORA DE LA ÚLTIMA TRANSACCIÓN
campo de control 20190320210346.0
008 - DATOS DE LONGITUD FIJA--INFORMACIÓN GENERAL
campo de control de longitud fija 111016s2012----mx-a######---#000-0#spa-#
020 ## - NÚMERO INTERNACIONAL ESTÁNDAR DEL LIBRO
Número Internacional Estándar del Libro 9786070059261
041 ## - CÓDIGO DE LENGUA
Código de lengua del texto/banda sonora o título independiente spa
044 ## - CÓDIGO DEL PAÍS DE LA ENTIDAD EDITORA/PRODUCTORA
Código MARC del país mx
050 #4 - SIGNATURA TOPOGRÁFICA DE LA BIBLIOTECA DEL CONGRESO
Número de clasificación NA9415.M6
Número de documento/Ítem .H85 2012
100 1# - ENTRADA PRINCIPAL--NOMBRE DE PERSONA
Nombre de persona Hume Santa Coloma, José Eduardo
9 (RLIN) 21591
245 10 - MENCIÓN DE TÍTULO
Título Las fuentes de la Ciudad de México
Mención de responsabilidad, etc. J. Eduardo Hume SC ; introducción Rita Holmbaeck Rasmussen ; coordinación editorial Cristina Elguero H.
260 ## - PUBLICACIÓN, DISTRIBUCIÓN, ETC.
Lugar de publicación, distribución, etc. México
Nombre del editor, distribuidor, etc. José Eduardo Hume Santa Coloma
Fecha de publicación, distribución, etc. 2012
300 ## - DESCRIPCIÓN FÍSICA
Extensión 125 p.
Otras características físicas il. (algunas a color)
Dimensiones 32 cm.
504 ## - NOTA DE BIBLIOGRAFÍA, ETC.
Nota de bibliografía, etc. Bibliografía : p. 122
650 14 - PUNTO DE ACCESO ADICIONAL DE MATERIA--TÉRMINO DE MATERIA
Término de materia o nombre geográfico como elemento de entrada Fuentes
Subdivisión de forma Trabajos Ilustrados
Subdivisión geográfica México
9 (RLIN) 21592
650 14 - PUNTO DE ACCESO ADICIONAL DE MATERIA--TÉRMINO DE MATERIA
Término de materia o nombre geográfico como elemento de entrada Abastecimiento de agua
Subdivisión general Historia
Subdivisión geográfica México
9 (RLIN) 21593
651 #4 - PUNTO DE ACCESO ADICIONAL DE MATERIA--NOMBRE GEOGRÁFICO
Nombre geográfico Ciudad de México (México)
Subdivisión de forma Trabajos Ilustrados
Subdivisión general Edificios, estructuras, etc.
9 (RLIN) 21594
700 1# - PUNTO DE ACCESO ADICIONAL--NOMBRE DE PERSONA
Nombre de persona Holmbaeck Rasmussen, Rita
9 (RLIN) 21595
700 1# - PUNTO DE ACCESO ADICIONAL--NOMBRE DE PERSONA
Nombre de persona Elguero Hume, Cristina
9 (RLIN) 21596
942 ## - ELEMENTOS DE PUNTO DE ACCESO ADICIONAL (KOHA)
Fuente del sistema de clasificación o colocación Library of Congress Classification
Tipo de ítem Koha Libros
Holdings
Estado de retiro Estado de pérdida Estado dañado No para préstamo Localización permanente Ubicación/localización actual Fecha de adquisición Total de préstamos Signatura topográfica completa Código de barras Fecha visto por última vez Precio válido a partir de Tipo de ítem Koha
El ejemplar forma parte de la colección y puede ser consultado según las políticas vigentes.       Biblioteca del Museo Franz Mayer (Rogerio Casas-Alatriste) Biblioteca del Museo Franz Mayer (Rogerio Casas-Alatriste) 11/10/2016   NA9415.M6 .H85 2012 02939 22/03/2019 22/03/2019 Libros